Top 10 Länder nach Zitronenproduktion - Statistiken

Allgemein
  • Dieses Quiz wurde 47 mal gespielt
  • Das Durchschnittsergebnis liegt bei 8 aus 10
Antwortstatistiken
Platz Anbaumenge in Tonnen Land % Korrekt
7 1.017.360 Spanien
98%
8 801.950 Vereinigte Staaten
96%
3 2.610.791 China
93%
5 1.499.714 Brasilien
89%
2 2.983.802 Mexiko
87%
1 3.548.000 Indien
84%
6 1.378.021 Argentinien
67%
4 1.550.000 Türkei
67%
10 478.972 Iran
51%
9 656.382 Südafrika
40%
Keine übereinstimmenden Quizze gefunden
Verteilung der Resultate
Anzahl Personen mit jedem Resultat
Perzentil nach korrekt beantworteten Fragen
Ihre Resultats-Entwicklung
Sie haben dieses Quiz noch nicht gespielt